000 00719nam a2200169Ia 4500
008 090711s9999 xx 000 0 und d
082 _b44807
100 _aबेलसरे केशव वि.
245 _aश्रीब्रम्हSौतन्य श्री गोदळेकर महाराज
260 _c1978
300 _a660
600 _aबेलसरे केशव वि.
630 _aश्रीब्रम्हSौतन्य श्री गोदळेकर महाराज
700 _aबेलसरे केशव वि.
730 _aश्रीब्रम्हSौतन्य श्री गोदळेकर महाराज
942 _cBOOK
999 _c282563
_d282563